laufey songs, a through z - Statistics

General Stats
  • This quiz has been taken 102 times
  • The average score is 13 of 19
Answer Stats
Hint Answer % Correct
f fragile | falling behind | from the start | forget-me-not
90%
l like the movies | love to keep me warm | lucky for me | lovesick | letter to my 13 year old self | let you break my heart again | love flew away | lover girl | let's dream in the moonlight - take 1
90%
b best friend | better than snow | beautiful stranger | bewitched | bored | but beautiful
87%
s street by street | someone new | slow down | second best | serendipity | santa baby | snow white | silver lining | sabotage | seems like old times | santa claus is comin' to town
85%
c california and me | christmas dreaming | clockwork | carousel | castle in hollywood | cuckoo ballet (interlude) | clean air | christmas magic
80%
m magnolia | must be love | misty | mr. eclectic
80%
a above the chinese restaurant | a night to remember | ain't christmas | a cautionary tale
75%
t the christmas waltz | trouble | the longest goodbye | tough luck | too little, too late | the risk
75%
j james | just like chet
69%
w what love will do to you | while you were sleeping | winter wonderland | where or when
64%
v valentine
62%
d dear soulmate | dance with you tonight | dreamer
61%
h have yourself a merry little christmas | hi | haunted
59%
p promise
57%
g goddess
52%
n night light | nocturne (interlude)
49%
e everything i know about love
43%
i i wish you love | i've never been in love before | it could happen to you
41%
q questions for the universe
36%
No matching quizzes found
Score Distribution
Percent of People with Each Score
Percentile by Number Answered
Your Score History
You have not taken this quiz